000 00378nam a2200157Ia 4500
008 151213s9999 xx 000 0 und d
100 _aM.Abul Bashar
245 _aBangladesh Law on Banks and Banking
_cM.Abul Bashar
250 _a2nd
260 _aDhaka
_bVikas
_c1996
300 _a2597 p.
650 _aLaw
650 _aLaw
700 _aM.Abul Bashar
999 _c1732
_d1732